Graphing Calculator and Computer Graphing Laboratory manual / (Record no. 180013)
[ view plain ]
| 000 -LEADER | |
|---|---|
| fixed length control field | 00582 a2200181 4500 |
| 003 - CONTROL NUMBER IDENTIFIER | |
| control field | NUST |
| 005 - DATE AND TIME OF LATEST TRANSACTION | |
| control field | 20221025140203.0 |
| 020 ## - INTERNATIONAL STANDARD BOOK NUMBER | |
| International Standard Book Number | 0201508613 |
| 040 ## - CATALOGING SOURCE | |
| Transcribing agency | Nust |
| 082 ## - DEWEY DECIMAL CLASSIFICATION NUMBER | |
| Classification number | 006.6,OSB |
| 100 ## - MAIN ENTRY--PERSONAL NAME | |
| Personal name | Osborne, Alan |
| 9 (RLIN) | 101355 |
| 245 ## - TITLE STATEMENT | |
| Title | Graphing Calculator and Computer Graphing Laboratory manual / |
| Statement of responsibility, etc. | Demana waits, Alan Osborne |
| 260 ## - PUBLICATION, DISTRIBUTION, ETC. | |
| Place of publication, distribution, etc. | New York |
| Name of publisher, distributor, etc. | Addison wesley |
| Date of publication, distribution, etc. | 1990 |
| 300 ## - PHYSICAL DESCRIPTION | |
| Extent | 116: p: |
| 505 ## - FORMATTED CONTENTS NOTE | |
| Formatted contents note | Part-1: Graphics Calculators (Page-3), Part-II: Computer Graphics Using Master Graph (Page-51). |
| 650 ## - SUBJECT ADDED ENTRY--TOPICAL TERM | |
| Topical term or geographic name entry element | Laboratory manual |
| 9 (RLIN) | 101356 |
| 942 ## - ADDED ENTRY ELEMENTS (KOHA) | |
| Source of classification or shelving scheme | |
| Koha item type | Book |
| Call number prefix | 006.6,OSB |
| Withdrawn status | Lost status | Source of classification or shelving scheme | Damaged status | Not for loan | Permanent Location | Current Location | Shelving location | Date acquired | Full call number | Barcode | Date last seen | Price effective from | Koha item type | Public note |
|---|---|---|---|---|---|---|---|---|---|---|---|---|---|---|
| Military College of Signals (MCS) | Military College of Signals (MCS) | General Stacks | 12/12/2016 | 006.6,OSB | MCS3581 | 12/08/2016 | 12/12/2016 | Book | Almirah No.7, Shelf No.5 |
